01018 a2200265 4500003000500000005001700005010001700022020002600039040000900065082001100074100002000085245006000105260004800165300001100213490002500224650003100249650004000280651001100320856010600331856009100437856009200528942001200620999001900632952010100651Nust20170207154047.0 a 2007042812 a9780470197677 (cloth) cNust00a658.261 aJackson, Jerry,10aEnergy Budgets At Risk (EBAR) -(E-BOOK)cJerry Jackson. aHoboken, N.J. :bJohn Wiley & Sons,cc2008. ap. cm.0 aWiley finance series 0aEnergy consumptionxCosts. 0aPower resourcesxCostsxManagement. aE-BOOK423Contributor biographical informationuhttp://www.loc.gov/catdir/enhancements/fy0810/2007042812-b.html423Publisher descriptionuhttp://www.loc.gov/catdir/enhancements/fy0801/2007042812-d.html423Table of contents onlyuhttp://www.loc.gov/catdir/enhancements/fy0805/2007042812-t.html 2ddccBK c192941d192941 00102ddc40708NFICaMCSbMCSd2016-12-12l0o658.26 JACpMCS2333r2016-12-08w2016-12-12yBK